Asr e hazir k Taqazay aur kaleed fozul Bashar (Record no. 614968)
[ view plain ]
| 000 -LEADER | |
|---|---|
| fixed length control field | 00314nam a22001217a 4500 |
| 082 ## - DEWEY DECIMAL CLASSIFICATION NUMBER | |
| Classification number | 297.2 |
| 100 ## - MAIN ENTRY--PERSONAL NAME | |
| Personal name | Nuzhat Mufti |
| 245 ## - TITLE STATEMENT | |
| Title | Asr e hazir k Taqazay aur kaleed fozul Bashar |
| Statement of responsibility, etc. | Mufti, Nuzhat |
| 260 ## - PUBLICATION, DISTRIBUTION, ETC. | |
| Place of publication, distribution, etc. | Noshera: |
| Name of publisher, distributor, etc. | Taj Publisher, |
| Date of publication, distribution, etc. | 2025. |
| 300 ## - PHYSICAL DESCRIPTION | |
| Extent | 824 p. |
| Dimensions | 22cm |
| 563 ## - BINDING INFORMATION | |
| Binding note | HB. |
| 942 ## - ADDED ENTRY ELEMENTS (KOHA) | |
| Source of classification or shelving scheme | |
| Koha item type | Book |
| Withdrawn status | Lost status | Source of classification or shelving scheme | Damaged status | Not for loan | Permanent Location | Current Location | Shelving location | Date acquired | Total Checkouts | Full call number | Barcode | Date last seen | Price effective from | Koha item type |
|---|---|---|---|---|---|---|---|---|---|---|---|---|---|---|
| Central Library (CL) | Central Library (CL) | First Floor - Islam | 09/30/2025 | 297.2 MUF | CL-D-3082 | 09/30/2025 | 09/30/2025 | Book |
